Statistiques concernant Les partis politiques présents à l'Assemblée nationale (France)

Cliquez ici pour prendre le quiz!

Statistiques générales

  • Ce quiz a été pris 855 fois
    (841 depuis la dernière actualisation)
  • Le résultat moyen est 8 sur 12

Statistiques - réponses

Nombre de députésParti% Correct
112Les Républicains
97%
308La République en marche !
96%
30Parti socialiste
95%
17La France insoumise
93%
8Front national
91%
11Parti communiste français
82%
42Mouvement démocrate
76%
1Europe Ecologie Les Verts
75%
18Union des démocrates et indépendants
51%
1Debout la France
46%
3Parti radical de gauche
26%
3Inseme per a Corsica
12%

Distribution des résultats

Percentile par nombre de réponses

% des personnes avec chaque résultat

Votre développement - résultats

Vous n’avez pas pris ce quiz depuis la dernière actualisation